000 00971nam a2200265 a 4500
001 000023641
005 20251113092030.0
008 101216s1989 sp 000 0 spa d
020 _a843680502x (Piramide)
020 _a8486168473 (F.C.S.R.)
040 _aDO-SdBNP
_bspa
_cBNPHU
082 _a027.7
_bT357b
100 1 _aThompson, James.
_948717
245 1 3 _aLa biblioteca universitaria :
_bintroducción a su gestión /
_cJames Thompson y Reg Carr ; traducción David Torra Ferrer.
260 _aMadrid :
_bFundación Germán Sánchez Ruipérez,
_bPirámide,
_c1989.
300 _a341 p. ;
_c22 cm.
490 1 _aBiblioteca del Libro
500 _aIncluye referencias biográficas de los autores en la solapa.
504 _aBibliografía p: 319-341
500 _aIncluye notas a pie de página
650 0 _aBibliotecas académicas
_948382
700 1 _aTorra Ferrer, David,
_etr.
_97640
700 1 _aCarr, Reg.
_948718
830 0 _aBiblioteca del Libro
_97397
999 _c23137
_d23137